[Event "1. Bundesliga 2017/2018"]
[Site "St.Veit/Glan"]
[Date "2018.04.07"]
[Round "11"]
[Board "1"]
[White "Ragger, Markus"]
[Black "Rubil, Marko"]
[Result "1-0"]
[WhiteElo "2673"]
[BlackElo "2231"]
[PlyCount "55"]
[EventDate "2017.11.16"]
[EventType "team"]
[EventRounds "11"]
[EventCountry "AUT"]
[WhiteTeam "SC MPOE Maria Saal"]
[BlackTeam "ASVOE Pamhagen"]

1.Nf3 d5 2.d4 Nf6 3.c4 dxc4 4.e3 e6 5.Bxc4 c5 6.O-O a6 7.Nc3 b5 8.Be2 Bb7 9.dxc5 Qxd1
10.Rxd1 Bxc5 11.Nd2 O-O 12.Nb3 Bb4 13.Bd2 Nbd7 14.a3 Bxc3 15.Bxc3 Bd5 16.Na5 Nb6 17.f3
Rac8 18.e4 Ba8 19.Rd6 Na4 20.Be5 Nh5 21.Rxa6 f5 22.Bd6 Rfd8 23.exf5 exf5 24.Bxb5 Nxb2
25.Rb1 Rc2 26.Be5 Nd1 27.Ba4 Re2 28.Rxd1 1-0

[Event "1. Bundesliga 2017/2018"]
[Site "St.Veit/Glan"]
[Date "2018.04.07"]
[Round "11"]
[Board "2"]
[White "Horvath, Dominik"]
[Black "Predojevic, Borki"]
[Result "1/2-1/2"]
[WhiteElo "2383"]
[BlackElo "2640"]
[PlyCount "49"]
[EventDate "2017.11.16"]
[EventType "team"]
[EventRounds "11"]
[EventCountry "AUT"]
[WhiteTeam "ASVOE Pamhagen"]
[BlackTeam "SC MPOE Maria Saal"]

1.Nf3 d5 2.c4 e6 3.d4 Nf6 4.Nc3 Bb4 5.Bg5 dxc4 6.e4 h6 7.Bxf6 Qxf6 8.Bxc4 c5 9.O-O
O-O 10.e5 Qd8 11.Ne4 cxd4 12.Qe2 Be7 13.Rfd1 Qa5 14.a3 Rd8 15.Bd3 Nd7 16.Ng3 Nf8 17.Nh5
Bd7 18.b4 Qb6 19.Nd2 Bc6 20.Qg4 g6 21.Nf4 Kg7 22.Nh5+ Kg8 23.Nf4 Kg7 24.Nh5+ Kg8 25.Nf4 1/2-1/2

[Event "1. Bundesliga 2017/2018"]
[Site "St.Veit/Glan"]
[Date "2018.04.07"]
[Round "11"]
[Board "3"]
[White "Naumann, Alexander"]
[Black "Kuthan, Andreas"]
[Result "1-0"]
[WhiteElo "2551"]
[BlackElo "2194"]
[PlyCount "49"]
[EventDate "2017.11.16"]
[EventType "team"]
[EventRounds "11"]
[EventCountry "AUT"]
[WhiteTeam "SC MPOE Maria Saal"]
[BlackTeam "ASVOE Pamhagen"]

1.d4 Nf6 2.c4 g6 3.Nf3 Bg7 4.g3 O-O 5.Bg2 d6 6.O-O Nbd7 7.Nc3 e5 8.e4 c6 9.h3 Qa5
10.Re1 exd4 11.Nxd4 Ne5 12.Bf1 Re8 13.Be3 Be6 14.Nxe6 Rxe6 15.Kg2 Rae8 16.Rb1 a6 17.b4
Qc7 18.c5 a5 19.cxd6 Rxd6 20.Qc2 Rde6 21.f4 Ned7 22.e5 axb4 23.Rxb4 Bf8 24.Rbb1 Nc5
25.Bc4 1-0

[Event "1. Bundesliga 2017/2018"]
[Site "St.Veit/Glan"]
[Date "2018.04.07"]
[Round "11"]
[Board "4"]
[White "Prinzjakowitsch, Bernhard"]
[Black "Buhmann, Rainer"]
[Result "0-1"]
[WhiteElo "2114"]
[BlackElo "2589"]
[PlyCount "64"]
[EventDate "2017.11.16"]
[EventType "team"]
[EventRounds "11"]
[EventCountry "AUT"]
[WhiteTeam "ASVOE Pamhagen"]
[BlackTeam "SC MPOE Maria Saal"]

1.e4 e5 2.Nf3 Nc6 3.Bb5 a6 4.Ba4 Nf6 5.O-O Be7 6.Re1 b5 7.Bb3 d6 8.c3 O-O 9.h3 Nb8
10.d3 Nbd7 11.Bc2 Re8 12.Nbd2 Bb7 13.Nf1 Bf8 14.Bg5 h6 15.Bh4 g6 16.Bg3 Bg7 17.Bh2
c5 18.a4 d5 19.exd5 Nxd5 20.axb5 axb5 21.Bb3 N5b6 22.N1d2 Qc8 23.Rxa8 Qxa8 24.Qa1
Bxf3 25.Nxf3 Qc6 26.Qb1 c4 27.Bc2 f5 28.Nd2 Nc5 29.dxc4 bxc4 30.Nf1 e4 31.Rd1 Nd3
32.b3 Nd5 0-1

[Event "1. Bundesliga 2017/2018"]
[Site "St.Veit/Glan"]
[Date "2018.04.07"]
[Round "11"]
[Board "5"]
[White "Halvax, Georg"]
[Black "Fleischhacker, Christian"]
[Result "1-0"]
[WhiteElo "2434"]
[BlackElo "1828"]
[PlyCount "23"]
[EventDate "2017.11.16"]
[EventType "team"]
[EventRounds "11"]
[EventCountry "AUT"]
[WhiteTeam "SC MPOE Maria Saal"]
[BlackTeam "ASVOE Pamhagen"]

1.e4 e5 2.Nf3 Nc6 3.d4 exd4 4.Nxd4 Bc5 5.Nb3 Bb6 6.Nc3 a6 7.Qe2 Nd4 8.Qd3 Nxb3 9.axb3
d6 10.Nd5 Ba7 11.Qc3 f6 12.Nxc7+ 1-0